| 000 | 00644nam a22002297a 4500 | ||
|---|---|---|---|
| 003 | OSt | ||
| 005 | 20140310181919.0 | ||
| 008 | 130717t xxu||||| |||| 00| 0 eng d | ||
| 020 | _a9780321118172 | ||
| 050 |
_aQA 135.6 _b.M883 2004 |
||
| 082 |
_aTR 510 _bW513 2004 |
||
| 100 |
_aMorrow, Peggy _91322 |
||
| 245 |
_aMath Makes Sense 3 / _cPeggy Morrow |
||
| 260 |
_aToronto, Ontario : _bPearson Education Canada Inc, _cc2004. |
||
| 300 |
_a436 p. : _bcol. ill. ; _c28 cm. |
||
| 521 | _aFaculty | ||
| 541 | _j1 | ||
| 562 | _e1 | ||
| 650 |
_aMathematics. _9210 |
||
| 650 |
_aStudy and Teaching. _91362 |
||
| 942 |
_2lcc _cBK-TR _kTR |
||
| 999 |
_c6884 _d6884 |
||